000 00793nam a22002417a 4500
999 _c4661
_d4661
003 AR-CdUCM
008 190311b ||||| |||| 00| 0 spa d
040 _aMUNICIPALIDAD PROVINCIAL DEL CUSCO
_cBIBLIOTECA MUNICIPAL DEL CUSCO
041 _hrus
082 _a891.5 /
_bL49
100 _aLermontov, Mikhail Jierevich
_914502
245 _aEl héroe de nuestro tiempo /
260 _aMoscú :
_bEdiciones en lengua extranjeras,
_c1954.
300 _a175 páginas ,
_bIlustraciones,
_c1972.
500 _aCuentos Rusos
505 _aBela -- Maxim Maximimich -- Taman -- La princesita Mary...
650 _aCuentos rusos
_98368
650 _aSiglo XX
_98
650 _aLiteratura
_983
700 _aTraducido por Luis A. Vargas y Lidia Kuper
_914503
942 _2ddc
_cLIBROS
945 _admma